00998nam a2200229 a 4500001001000000003000500010005001700015008004100032010001100073011001100084040000900095100004100104245021000145260004100355500006000396502013900456650002400595650001900619650003600638650002400674856007000698000111341CHAP20220329144207.0150327s2015 mx a |sm |||||||spa d a107803 a108775 cCHAP1 aRodríguez Serrano, Andrés Camilo10aPérdida y prosperidades físicas, químicas y biológicas de un suelo para la producción de maíz bajo sistemas agroforestales y monocultivosh[En línea]cpor Andrés Camilo Rodríguez Serrano. aChapingo, Méx. :bEl autor,c2015. aPara ver el contenido del material haga clic en la liga aTesis (M.C. en Agroforestería para el Desarrollo Sostenible) -- UACH. Departamento Enseñanza, Investigación y Servicio en Suelos14aCultivos asociados.14aEscurrimiento.14aMaízxProducciónzMéxico.14aSuelosxAnálisis. aFinding aiduhttp://10.13.5.2/tesis/sist111341.pdfzTeclea aquí